000 00576nam a2200181Ia 4500
008 090630s9999 xx 000 0 und d
082 _b12743
100 _aलोणकर बी. एम.
245 _aडॉ. यमुना.
_cलोणकर बी. एम.
260 _bलोणकर विमला - पुणे.
300 _a152
600 _aलोणकर बी. एम.
630 _aडॉ. यमुना.
655 _aकादंबरी.
700 _aलोणकर बी. एम.
730 _aडॉ. यमुना.
942 _cBOOK
999 _c264599
_d264599